|
|
|
|
| LEADER |
00678nam a22002172a 4500 |
| 001 |
001176602 |
| 003 |
CZ BrMZK |
| 005 |
20120504113656.0 |
| 007 |
ta |
| 008 |
111025s1976 ne er|||||||||||eng d |
| 040 |
|
|
|a BOA001
|b cze
|
| 100 |
1 |
|
|a Smith, Paul
|4 dis
|
| 245 |
1 |
0 |
|a Eutectic solidification of polymer solutions /
|c Paul Smith
|
| 260 |
|
|
|a Groningen :
|b P.l Smith,
|c 1976
|
| 300 |
|
|
|a 125 s.
|
| 502 |
|
|
|a Disertace--Rijksuniversiteit te Groningen, 1976
|
| 710 |
2 |
|
|a Rijksuniversiteit Groningen
|7 ko2002103188
|
| 910 |
|
|
|a BOA001
|b 2-0778.135
|
| 990 |
|
|
|a BK
|
| 991 |
|
|
|b 201110
|
| 996 |
7 |
|
|b 2619492829
|c 2-0778.135
|l MZK
|r Sklad / do 1 hodiny
|n 0
|w 001209971
|u 000010
|a 1
|e BOA001
|j MZK50
|s A
|